00370pab a2200133 454500008004000000100002600040245005200066260000900118300001500127362001100142650003300153650001600186773003400202180718b1999 xxu||||| |||| 00| 0 eng d aBalakrishnan, Pulapre aLand reforms and the question of food in Kerala c1999 ap.1272-280 a22 May aLand reform - India - Kerala aLand reform aEconomic and Political Weekly